<?xml version="1.0" encoding="UTF-8"?>
<collection xmlns="http://www.loc.gov/MARC21/slim">
    <record>
        <controlfield tag="001">63520</controlfield>
        <controlfield tag="005">20210121114545.0</controlfield>
        <datafield tag="024" ind1="7" ind2=" ">
            <subfield code="2">doi</subfield>
            <subfield code="a">10.11144/Javeriana.upsy14-1.caap</subfield>
        </datafield>
        <datafield tag="024" ind1="8" ind2=" ">
            <subfield code="2">sideral</subfield>
            <subfield code="a">102883</subfield>
        </datafield>
        <datafield tag="037" ind1=" " ind2=" ">
            <subfield code="a">ART-2015-102883</subfield>
        </datafield>
        <datafield tag="041" ind1=" " ind2=" ">
            <subfield code="a">spa</subfield>
        </datafield>
        <datafield tag="100" ind1=" " ind2=" ">
            <subfield code="a">Estévez, E.</subfield>
        </datafield>
        <datafield tag="245" ind1=" " ind2=" ">
            <subfield code="a">Conducta agresiva y ajuste personal y escolar en una muestra de estudiantes adolescentes españoles</subfield>
        </datafield>
        <datafield tag="260" ind1=" " ind2=" ">
            <subfield code="c">2015</subfield>
        </datafield>
        <datafield tag="506" ind1="0" ind2=" ">
            <subfield code="a">Access copy available to the general public</subfield>
            <subfield code="f">Unrestricted</subfield>
        </datafield>
        <datafield tag="520" ind1="3" ind2=" ">
            <subfield code="a">El objetivo del presente estudio fue determinar en qué medida la conducta agresiva hacia los iguales predice un mayor desajuste personal y escolar en los adolescentes agresores, chicos y chicas. Se utilizó una muestra de 1510 adolescentes españoles de Educación Secundaria Obligatoria. Los análisis de regresión logística mostraron que, en relación con el ajuste personal, el comportamiento agresivo predice significativamente y para ambos sexos altas puntuaciones en sintomatología depresiva, estrés percibido y soledad, y bajas puntuaciones en autoestima, satisfacción vital y empatía. En el ámbito escolar, la conducta agresiva se relacionó con bajas puntuaciones en implicación académica, afiliación con los compañeros, percepción de apoyo del profesor y actitud positiva hacia la escuela.   

The aim of the present study was to determine to what extent aggressive behavior toward peers predicts problems of personal and school adjustment in aggressive adolescents, boys and girls. A sample of 1510 Spanish adolescents of compulsory secondary school was used. The logistic regression analyses showed that, in relation to personal adjustment, aggressive behavior significantly predicted for both sexes high scores in depressive symptoms, perceived stress and loneliness, and low scores on self-esteem, life satisfaction and empathy. For the school variables, aggressive behavior was associated with low scores on academic involvement, affiliation with peers, perceived teacher support and positive attitude toward school.</subfield>
        </datafield>
        <datafield tag="536" ind1=" " ind2=" ">
            <subfield code="9">info:eu-repo/grantAgreement/ES/MINECO/PSI2012-33464</subfield>
        </datafield>
        <datafield tag="540" ind1=" " ind2=" ">
            <subfield code="9">info:eu-repo/semantics/openAccess</subfield>
            <subfield code="a">by</subfield>
            <subfield code="u">http://creativecommons.org/licenses/by/3.0/es/</subfield>
        </datafield>
        <datafield tag="590" ind1=" " ind2=" ">
            <subfield code="a">0.226</subfield>
            <subfield code="b">2015</subfield>
        </datafield>
        <datafield tag="591" ind1=" " ind2=" ">
            <subfield code="a">PSYCHOLOGY, MULTIDISCIPLINARY</subfield>
            <subfield code="b">121 / 129 = 0.938</subfield>
            <subfield code="c">2015</subfield>
            <subfield code="d">Q4</subfield>
            <subfield code="e">T3</subfield>
        </datafield>
        <datafield tag="592" ind1=" " ind2=" ">
            <subfield code="a">0.293</subfield>
            <subfield code="b">2015</subfield>
        </datafield>
        <datafield tag="593" ind1=" " ind2=" ">
            <subfield code="a">Social Psychology</subfield>
            <subfield code="c">2015</subfield>
            <subfield code="d">Q3</subfield>
        </datafield>
        <datafield tag="593" ind1=" " ind2=" ">
            <subfield code="a">Psychology (miscellaneous)</subfield>
            <subfield code="c">2015</subfield>
            <subfield code="d">Q3</subfield>
        </datafield>
        <datafield tag="655" ind1=" " ind2="4">
            <subfield code="a">info:eu-repo/semantics/article</subfield>
            <subfield code="v">info:eu-repo/semantics/publishedVersion</subfield>
        </datafield>
        <datafield tag="700" ind1=" " ind2=" ">
            <subfield code="0">(orcid)0000-0002-5187-3683</subfield>
            <subfield code="a">Jiménez, T. I.</subfield>
            <subfield code="u">Universidad de Zaragoza</subfield>
        </datafield>
        <datafield tag="710" ind1="2" ind2=" ">
            <subfield code="1">4009</subfield>
            <subfield code="2">735</subfield>
            <subfield code="a">Universidad de Zaragoza</subfield>
            <subfield code="b">Dpto. Psicología y Sociología</subfield>
            <subfield code="c">Área Psicolog.Evolut.Educac</subfield>
        </datafield>
        <datafield tag="773" ind1=" " ind2=" ">
            <subfield code="g">14, 1 (2015), 111-124</subfield>
            <subfield code="p">Univ. psychol.</subfield>
            <subfield code="t">Universitas Psychologica</subfield>
            <subfield code="x">1657-9267</subfield>
        </datafield>
        <datafield tag="856" ind1="4" ind2=" ">
            <subfield code="s">184366</subfield>
            <subfield code="u">http://zaguan.unizar.es/record/63520/files/texto_completo.pdf</subfield>
            <subfield code="y">Versión publicada</subfield>
        </datafield>
        <datafield tag="856" ind1="4" ind2=" ">
            <subfield code="s">73740</subfield>
            <subfield code="u">http://zaguan.unizar.es/record/63520/files/texto_completo.jpg?subformat=icon</subfield>
            <subfield code="x">icon</subfield>
            <subfield code="y">Versión publicada</subfield>
        </datafield>
        <datafield tag="909" ind1="C" ind2="O">
            <subfield code="o">oai:zaguan.unizar.es:63520</subfield>
            <subfield code="p">articulos</subfield>
            <subfield code="p">driver</subfield>
        </datafield>
        <datafield tag="951" ind1=" " ind2=" ">
            <subfield code="a">2021-01-21-11:18:45</subfield>
        </datafield>
        <datafield tag="980" ind1=" " ind2=" ">
            <subfield code="a">ARTICLE</subfield>
        </datafield>
    </record>

    
</collection>